000 00335nam a2200157Ia 4500
001 5352
003 IN-NITTTR
005 20251114233008.0
008 251113s9999||||xx |||||||||||||| ||eng||
040 _beng
040 _cIN-NITTTR
041 _aeng
082 _a126 D64S
245 0 _aSome state of consciousness /
942 _2ddc
_cBK
999 _c7988
_d7988